KOHA-Header-6

Bankers' Practical Advances (Record no. 12429)

000 -LEADER
fixed length control field 00384nam a2200157Ia 4500
003 - CONTROL NUMBER IDENTIFIER
control field OSt
005 - DATE AND TIME OF LATEST TRANSACTION
control field 20200617092929.0
008 - FIXED-LENGTH DATA ELEMENTS--GENERAL INFORMATION
fixed length control field 190722s9999 xx 000 0 und d
020 ## - INTERNATIONAL STANDARD BOOK NUMBER
International Standard Book Number 978-969-407-414-6
040 ## - CATALOGING SOURCE
Transcribing agency MAJU
100 ## - MAIN ENTRY--PERSONAL NAME
Personal name Dr. Asrar H. Siddiqi
245 #0 - TITLE STATEMENT
Title Bankers' Practical Advances
260 ## - PUBLICATION, DISTRIBUTION, ETC. (IMPRINT)
Place of publication, distribution, etc Karachi
Name of publisher, distributor, etc Royal Book Company
Date of publication, distribution, etc 2013
300 ## - PHYSICAL DESCRIPTION
Extent 408
942 ## - ADDED ENTRY ELEMENTS (KOHA)
Koha item type Books
Source of classification or shelving scheme
Holdings
Withdrawn status Lost status Source of classification or shelving scheme Damaged status Not for loan Collection code Permanent Location Current Location Shelving location Date acquired Full call number Barcode Date last seen Price effective from Koha item type
          Banking MAJU MAJU Shelf No.A45 2020-06-17 658.13 3876 2020-06-17 2020-06-17 Banking

Powered by Koha